书目信息 |
| 题名: |
菜根谭全集
|
|
| 作者: | 洪应明 , 唐品 著 ;张铭一 注释 | |
| 分册: | ||
| 出版信息: | 成都 天地出版社 2017 |
|
| 页数: | 14,450页 | |
| 开本: | 23cm | |
| 丛书名: | ||
| 单 册: | ||
| 中图分类: | B825.12=48 | |
| 科图分类: | ||
| 主题词: | 个人--修养--中国--明代 | |
| 电子资源: | ||
| ISBN: | 978-7-5455-2382-9 | |
| 000 | 01113nam0 2200289 450 | |
| 001 | 012001003636 | |
| 005 | 20140926114740.0 | |
| 010 | @a978-7-5455-2382-9@dCNY39.80 | |
| 100 | @a20170524d2017 em y0chiy50 ea | |
| 101 | 0 | @achi |
| 102 | @aCN@b510000 | |
| 105 | @ay z 000yy | |
| 106 | @ar | |
| 200 | 1 | @a菜根谭全集@9cai gen tan quan ji@f(明)洪应明著@f唐品主编@g张铭一注释 |
| 210 | @a成都@c天地出版社@d2017 | |
| 215 | @a14,450页@d23cm | |
| 300 | @a中华传统文化核心读本·处世经典 | |
| 330 | @a《菜根谭》是一部论述修身、处事、待人、接物的格言集,熔儒、道、佛三家思想以及作者的生活体验为一体,是中华民族传统文化的结晶。其中的格言警句文词优美,对仗工整,短小精粹,耐人寻味,蕴含着深刻的哲理。读者在阅读此书的同时,不仅能感受到作者的处世智慧,还能在潜移默化中汲取传统文化精粹。 | |
| 605 | @a《菜根谭》@x注释 | |
| 605 | @a《菜根谭》@x译文 | |
| 606 | 0 | @a个人@x修养@y中国@z明代 |
| 690 | @aB825.12=48@v5 | |
| 701 | 0 | @c(明)@a洪应明@9hong ying ming@4著 |
| 701 | 0 | @a唐品@9tang pin@4主编 |
| 702 | 0 | @a张铭一@9zhang ming yi@4注释 |
| 801 | 0 | @aCN@b上海新华@c20180901 |
| 905 | @b1159885-9@dB825.12=48@e1210@f5 | |
| 菜根谭全集/(明)洪应明著/唐品主编/张铭一注释.-成都:天地出版社,2017 |
| 14,450页;23cm |
| 中华传统文化核心读本·处世经典 |
| ISBN 978-7-5455-2382-9:CNY39.80 |
| 《菜根谭》是一部论述修身、处事、待人、接物的格言集,熔儒、道、佛三家思想以及作者的生活体验为一体,是中华民族传统文化的结晶。其中的格言警句文词优美,对仗工整,短小精粹,耐人寻味,蕴含着深刻的哲理。读者在阅读此书的同时,不仅能感受到作者的处世智慧,还能在潜移默化中汲取传统文化精粹。 |
| ● |
| 相关链接 |
|
|
|
|
正题名:菜根谭全集
索取号:B825.12=48/1210
 
预约/预借
| 序号 | 登录号 | 条形码 | 馆藏地/架位号 | 状态 | 备注 |
| 1 | 1159885 | 211598859 | 第一样本阅览室/ [索取号:B825.12=48/1210] | 在馆 | |
| 2 | 1159886 | 211598868 | 第一借阅区/ [索取号:B825.12=48/1210] | 在馆 | |
| 3 | 1159887 | 211598877 | 第一借阅区/ [索取号:B825.12=48/1210] | 在馆 | |
| 4 | 1159888 | 211598886 | 第一借阅区/ [索取号:B825.12=48/1210] | 在馆 | |
| 5 | 1159889 | 211598895 | 第一借阅区/ [索取号:B825.12=48/1210] | 在馆 |